[Event "St Petersburg Rapid GP"]
[Site "St Petersburg"]
[Date "2024.08.24"]
[Round "1"]
[White "Eremeev, Vladislav"]
[Black "Zakhartsov, Vladimir"]
[Result "0-1"]
[WhiteElo "1679"]
[BlackElo "2494"]
[PlyCount "54"]
[EventDate "2024.08.24"]
[EventType "swiss (rapid)"]
[EventRounds "11"]
[EventCountry "RUS"]
[SourceTitle "CBM 221 Extra"]
[Source "ChessBase"]
[SourceDate "2024.09.30"]
[SourceVersion "1"]
[SourceVersionDate "2024.09.30"]
[SourceQuality "1"]

1. e4 c5 2. Nf3 a6 3. d4 cxd4 4. Nxd4 e5 5. Nf3 Nf6 6. Bd3 Nc6 7. Bg5 Bc5 8. 0-0 d6 9. h3 h6 10. Bxf6 Qxf6 11. Nc3 Be6 12. Nd5 Bxd5 13. exd5 Ne7 14. c4 Qf4 15. Qc1 Qxc1 16. Raxc1 f5 17. Bb1 e4 18. Nh2 b5 19. Rfe1 bxc4 20. Rxc4 Nxd5 21. a3 a5 22. Ba2 Nf4 23. b4 axb4 24. axb4 Bxf2+ 25. Kxf2 Rxa2+ 26. Kg3 g5 27. Rg1 Nh5# 0-1

[Event "St Petersburg Korchnoi Memorial op"]
[Site "St Petersburg"]
[Date "2024.08.18"]
[Round "3"]
[White "Eremeev, Vladislav"]
[Black "Kuznetsov, Mikhail Dm"]
[Result "1/2-1/2"]
[WhiteElo "1679"]
[BlackElo "1863"]
[PlyCount "81"]
[EventDate "2024.08.17"]
[EventType "swiss"]
[EventRounds "9"]
[EventCountry "RUS"]
[SourceTitle "CBM 221 Extra"]
[Source "ChessBase"]
[SourceDate "2024.09.30"]
[SourceVersion "1"]
[SourceVersionDate "2024.09.30"]
[SourceQuality "1"]

1. e4 c5 2. Nf3 Nc6 3. d4 cxd4 4. Nxd4 e5 5. Nb5 Nf6 6. N1c3 d6 7. Bg5 a6 8. Na3 b5 9. Nd5 Be7 10. Bxf6 Bxf6 11. c3 Bg5 12. Nc2 Rb8 13. a4 bxa4 14. Rxa4 Rxb2 15. Bxa6 Bd7 16. Ra1 0-0 17. 0-0 Be6 18. Rb1 Rxb1 19. Qxb1 Qa5 20. Qb5 Bxd5 21. exd5 Qxb5 22. Bxb5 Na5 23. Ra1 Nb3 24. Ra6 Rc8 25. Rxd6 Rxc3 26. Rc6 Rxc6 27. dxc6 Bd8 28. Bc4 Nd4 29. Nxd4 exd4 30. Kf1 Kf8 31. Ke2 Ke7 32. Kd3 Kd6 33. Bxf7 Kxc6 34. Bg8 h6 35. Kxd4 Bb6+ 36. Ke4 Bxf2 37. Kf5 Kd6 38. Kg6 Bd4 39. h4 Bf6 40. h5 Ke5 41. g4 1/2-1/2